| 000 | 00654nam a2200169Ia 4500 | ||
|---|---|---|---|
| 008 | 090124s9999 xx 000 0 und d | ||
| 020 | _a81-7766-623-1 | ||
| 082 | _b43941 | ||
| 245 | _a फॉर युअर आईज ओन्ली-इयान फ्लेमिंग | ||
| 250 | _a1 | ||
| 260 |
_bमेहता पब्लिशिंग हाऊस _c2006 |
||
| 300 | _a175 | ||
| 630 | _a फॉर युअर आईज ओन्ली-इयान फ्लेमिंग | ||
| 700 | _aकाळे अनिल | ||
| 730 | _a फॉर युअर आईज ओन्ली-इयान फ्लेमिंग | ||
| 942 | _cBOOK | ||
| 999 |
_c110160 _d110160 |
||